kolęda "Gdy się Chrystus rodzi" - uzupełnianka - Statystyki

Ogólne statystyki
  • Ten quiz został rozwiązany 550 razy
  • Średni wynik to 6 z 18
Statystyki odpowiedzi
Tekst zwrotki % Poprawnych
Gdy się Chrystus rodzi, i na {świat} przychodzi.
100%
{Aniołowie} się radują, Pod niebiosy wyśpiewują:
89%
Aby do {Betlejem}, czym prędzej pobiegli.
82%
Ciemna noc w jasności {promienistej} brodzi.
72%
Mówią do pasterzy, którzy {trzód} swych strzegli.
72%
Bo się narodził Zbawiciel, {Wszego} świata Odkupiciel.
62%
Oddajcie Mu {pokłon} boski, On osłodzi wasze troski".
35%
"O niebieskie Duchy, i {posłowie} nieba.
31%
Bo my nic nie pojmujemy, Ledwo {od strachu} żyjemy".
28%
"Idźcież do Betlejem, gdzie Dziecię {zrodzone},
18%
Powiedzcież {wyraźniej} co nam czynić trzeba:
18%
W pieluszki {powite}, w żłobie położone:
16%
Zaraz do Betlejem śpieszno {pobieżeli}
9%
A gdy pastuszkowie wszystko {zrozumieli}
3%
I zupełnie tak {zastali} Jak anieli im zeznali.
3%
A stanąwszy na miejscu pełni {zdumienia}
2%
Iż się Bóg tak {zniżył} do swego stworzenia
2%
Padli przed Nim na kolana I {uczcili} swego Pana.
2%
Nie znaleziono quizów pasujących do podanych kryteriów
Rozkład punktacji
Procent ludzi z każdym wynikiem
Percentyl według liczby udzielonych odpowiedzi
Twoja historia wyników
Nie rozwiązałeś tego quizu